000 00395nam a22001457a 4500
005 20180821142317.0
020 _a8180520854
_c795.00
035 _aB-227273 ,B-227279
037 _aDPL
_bENG
100 _aArms, William Y.
245 _aDigital libraries /
_cWilliam Y. Arms
260 _aNew Delhi
_bAne Books
300 _axi, 287p.
_c20 cms.
942 _2ddc
_cEN
_h025.04
_mARM
999 _c63425
_d63425